000 00783nam a2200205 a 4500
001 5932
003 CO-ViMGA
008 141112s2004 ck r 000 u spa d
040 _aCO-ViMGA
_bspa
_cCO-ViMGA
082 0 4 _a153.43 R19
245 1 0 _aRazonamiento abstracto
260 _aSantafé de Bogotá :
_bPanAméricana Editorial,
_c1996
300 _a5 VOL : il
490 _aSuper test, 12 - 16
500 _aSolicitar el ejemplar de la tabla de contenido.
505 _aVOL.(1) : Razonamiento abstracto I VOL.(2) : Razonamiento abstracto II VOL.(3) : Razonamiento abstracto III VOL.(4) : Razonamiento abstracto IV VOL.(5) : Razonamiento abstracto V
650 1 4 _aPRUEBAS PSICOLOGICAS
650 1 4 _aRAZONAMIENTO ABSTRACTO - PROBLEMAS, EJERCICIOS, ETC
_94534
942 _2ddc
_cBK
999 _c17908
_d17908